ReTo - BOA - Statystyki

Ogólne statystyki
  • Ten quiz został rozwiązany 386 razy
  • Średni wynik to 8 z 15
Statystyki odpowiedzi
Hint Odpowiedź % Poprawnych
ReTo ft. Quebonafide Sorry Dolores
90%
ReTo UA
86%
ReTo RS7
77%
Reto ft. Jano PW Knebel
63%
ReTo Ogon | Outro
57%
ReTo Jenzor | Intro
56%
ReTo ft. Guzior Niet
56%
ReTo Rrcum
56%
ReTo ft. ZetHa Say My Name
53%
ReTo Kushi.Kushi
52%
ReTo ft. Avi & Louis Villain Morał
52%
ReTo Piotrek
50%
ReTo Arriba
47%
ReTo ft. Borixon, Zetha Nowy+Złodziej | Skit
30%
ReTo Ziom€kMovie
18%
Nie znaleziono quizów pasujących do podanych kryteriów
Rozkład punktacji
Procent ludzi z każdym wynikiem
Percentyl według liczby udzielonych odpowiedzi
Twoja historia wyników
Nie rozwiązałeś tego quizu